• 首页
  • 本馆介绍
  • 公告通知
  • 最新文献
  • 馆藏检索
  • 电子资源
  • 读者导购
  • 参考咨询
  • 我的图书馆
  • 登录
  • 详细信息显示
  • 放入我的书架
  • 预约/预借图书
  • 作者相关作品
  • 分类相关作品
  • 丛书相关作品
  • 出版社相关作品

书目信息

  • 表格格式
  • 工作单格式
  • 卡片格式
题名:
大白菜
    
 
作者: 黄裕蜀 编著
分册:  
出版信息: 北京   科学技术文献出版社  1992.09
页数: 62页
开本: 20cm
丛书名: 长江蔬菜丛书
单 册:
中图分类: S636.2 , S634.1
科图分类:
主题词: 蔬菜园艺
电子资源:
ISBN: 7-5023-1709-0
000 00643nam0 2200229 450
001 0852962727
005 20081007144501.03
010    @a7-5023-1709-0@dCNY1.40
100    @a20081007d1992 km y0chiy0120 ea
101 0  @achi
102    @aCN@b110000
200 1  @a大白菜@Ada bai cai@f黄裕蜀编著@Fhuang yu shu bian zhu
210    @a北京@c科学技术文献出版社@d1992.09
215    @a62页@d20cm
225 2  @a长江蔬菜丛书
410  0 @12001 @a长江蔬菜丛书
606 0  @a蔬菜园艺
690    @aS636.2@v4
690    @aS634.1@v4
701  0 @a黄裕蜀@Ahuang yu shu@4编著
801  0 @aCN@b大连网信软件有限公司图书馆·11@c20081007
905    @aBZT@dS634.1@e85
    
    大白菜/黄裕蜀编著.-北京:科学技术文献出版社,1992.09
    62页;20cm.-(长江蔬菜丛书)
    
    
    ISBN 7-5023-1709-0:CNY1.40
    
●
相关链接 在五车中查询图书 在当当中查询图书 在豆瓣中查询图书


正题名:大白菜     索取号:S634.1/85         预约/预借

序号 登录号 条形码 馆藏地/架位号 状态 备注
1 060674   201246277   中心书库中库/ 中库032架B面4列6层40/ [索取号:S634.1/85] 在馆    
2 060675   201246286   中心书库中库/ 中库032架B面4列6层39/ [索取号:S634.1/85] 在馆    
3 060676   201246268   中心书库中库/ 中库032架B面4列6层42/ [索取号:S634.1/85] 在馆    
4 060677   201246295   中心书库中库/ 中库032架B面4列6层41/ [索取号:S634.1/85] 在馆    
山东省滨州职业学院图书馆 欢迎您!
大连网信软件有限公司© 版权所有